| 000 | 00558nam a2200181 a 4500 | ||
|---|---|---|---|
| 001 | 3213 | ||
| 005 | 20140414131908.0 | ||
| 008 | 040202s19uu xx 00 eng d | ||
| 020 | _a0-394-85496-9 | ||
| 050 |
_aER _bB42 1991 |
||
| 245 | _aBe my friend. | ||
| 260 |
_aNew York : _bRandom House / Children's Television Workshop, _c1991. |
||
| 300 | _a1 v. (unp.) : ill. ; cm. | ||
| 520 | _aSesame Street characters demonstrate the positive aspects of having a friends. | ||
| 650 |
_aFriendship _xfiction. |
||
| 650 |
_aPuppets _xfiction. |
||
| 999 |
_c111073 _d111073 |
||